01513nam a22003974a 4500001001200000003000800012006001900020007001500039008004100054010001700095020002800112020003500140040002100175035002000196050002300216082001400239245016100253260004700414300002500461504004100486533015200527600006300679650002100742650002400763650002200787650002300809650001800832650001700850650002200867655002900889700001800918700001900936710001700955856012600972999001701098ebr10023327CaPaEBRm u cr cn|||||||||010913s2002 ctua sb 000 0 eng  z 2001043795 z0897898788 (alk. paper) z0897898796 (pbk. : alk. paper) aCaPaEBRcCaPaEBR a(OCoLC)5276019514aGN281b.D39 2002eb04a930.122100aDarwin and archaeologyh[electronic resource] :ba handbook of key concepts /cedited by John P. Hart and John Edward Terrell ; foreword by Gary M. Feinman. aWestport, Conn. :bBergin & Garvey,c2002. axvii, 259 p. :bill. aIncludes bibliographical references. aElectronic reproduction.bPalo Alto, Calif. :cebrary,d2013.nAvailable via World Wide Web.nAccess may be limited to ebrary affiliated libraries.10aDarwin, Charles,d1809-1882xContributions in archaeology. 0aHuman evolution. 0aEvolution (Biology) 0aSocial evolution. 0aNatural selection. 0aAnthropology. 0aArchaeology. 0aEthnoarchaeology. 7aElectronic books.2local1 aHart, John P.1 aTerrell, John.2 aebrary, Inc.40uhttp://site.ebrary.com/lib/rucke/Doc?id=10023327zAn electronic book accessible through the World Wide Web; click to view c22585d22585